[Event "Snorlax # 20"]
[Site "SchemingMind.com"]
[Date "2009.02.19"]
[Round "-"]
[White "fourluxflakes"]
[Black "crespov"]
[Result "1-0"]
[WhiteCountry "ENG"]
[BlackCountry "CHI"]
[WhiteElo "1922"]
[WhiteRD "66"]
[BlackElo "1640"]
[BlackRD "78"]
[GameID "192644"]

1. e4 e5 2. Bc4 Nf6 3. d3 Be7 4. Nf3 O-O 5. O-O Nc6 6. c3 d6 7. Nbd2 Be6 8. Bb3 Bxb3 9. axb3 a6 10. Nc4 b5
11. Ne3 Re8 12. Nf5 Bf8 13. Bg5 h6 14. Bd2 Ne7 15. Ng3 Ng6 16. Re1 c6 17. d4 Nd7 18. Qc1 Kh7 19. Nf5 Qf6 20. h3 Ne7
21. Ng3 Ng6 22. d5 cxd5 23. exd5 Nc5 24. Qc2 Kg8 25. Be3 Nd7 26. Ne4 Qd8 27. Bd2 Nf6 28. Nxf6+ Qxf6 29. c4 Rec8 30. Ra5 Qd8
31. Rea1 Qb6 32. Be3 Qb7 33. Ne1 Ne7 34. Qe2 bxc4 35. bxc4 f5 36. Bd2 f4 37. b4 Nf5 38. Qd3 Ne7 39. Nf3 Kh8 40. Bc3 Ng8
41. Nd2 Nf6 42. Ne4 Be7 43. Nxf6 Bxf6 44. Qe4 Bh4 45. c5 Kg8 46. c6 Qb6 47. Qe2 Re8 48. Rxa6 Rxa6 49. Rxa6 Qc7 50. b5 e4
51. b6 Qc8 52. Qg4 Bg5 53. Qxc8 Rxc8 54. b7 Re8 55. Ra8 Rxa8 56. bxa8=Q+ Kh7 57. Qe8 e3 58. Qf7 exf2+ 59. Kxf2 Bh4+ 60. Kf3 Bf6
61. Bxf6
1-0

[Event "Snorlax # 20"]
[Site "SchemingMind.com"]
[Date "2009.02.19"]
[Round "-"]
[White "crespov"]
[Black "fourluxflakes"]
[Result "0-1"]
[WhiteCountry "CHI"]
[BlackCountry "ENG"]
[WhiteElo "1651"]
[WhiteRD "74"]
[BlackElo "1915"]
[BlackRD "67"]
[GameID "192645"]

1. c4 e5 2. Nc3 Bb4 3. d3 f5 4. Bd2 Nf6 5. g3 O-O 6. Bg2 a6 7. e4 d6 8. Nge2 Nc6 9. O-O f4 10. gxf4 Nh5
11. f5 Qh4 12. Nd5 Bxd2 13. Qxd2 Rf7 14. f4 exf4 15. Ndxf4 Nxf4 16. Nxf4 Ne5 17. Rad1 Bd7 18. b3 Raf8 19. Qf2 Qh6 20. d4 Nc6
21. Qg3 Kh8 22. Nd5 Bc8 23. Rf4 g5 24. Rf3 a5 25. Qg4 Qg7 26. Rfd3 b6 27. a3 Ba6 28. f6 Qg6 29. Rg3 h6 30. h4 Bc8
31. h5 Qh7 32. Qf3 Be6 33. Bh3 Bxd5 34. cxd5 Rxf6 35. Bf5 Ne7 36. Qg2 Nxf5 37. exf5 Qxf5 38. a4 Qf2+ 39. Qxf2 Rxf2 40. Rc1 Rd2
41. Rg4 Rf7 42. Re4 Rd3 43. Rb1 Rh3 44. b4 axb4 45. Rxb4 Rxh5 46. Re6 Kg7 47. Rb3 Rh4 48. Ra3 Rxd4 49. Rh3 Rxa4 50. Rhxh6 Rg4+
51. Kh2 Rh4+ 52. Rxh4 gxh4 53. Kh3 Rf4 54. Re7+ Kf6 55. Rxc7 Ke5 56. Rc6 Rb4 57. Rc7 Kxd5 58. Rh7 b5 59. Rxh4 Rxh4+ 60. Kxh4 b4
61. Kg4 Ke4 62. Kg3 b3 63. Kg4 b2 64. Kg5 b1=Q 65. Kf6 Qb5 66. Ke6 d5 67. Kd6 d4 68. Ke6 Qb6+ 69. Kd7 Ke5 70. Ke7 Qb7+
71. Kd8 Ke6
0-1

[Event "Snorlax # 20"]
[Site "SchemingMind.com"]
[Date "2009.02.21"]
[Round "-"]
[White "lame wolf"]
[Black "fourluxflakes"]
[Result "0-1"]
[WhiteCountry "INT"]
[BlackCountry "ENG"]
[WhiteElo "1061"]
[WhiteRD "48"]
[BlackElo "1913"]
[BlackRD "72"]
[GameID "193446"]

1. b4 Nf6 2. Bb2 d6 3. a3 g6 4. e3 Bg7 5. d4 O-O 6. b5 Re8 7. a4 Nbd7 8. g3 e5 9. d5 Nc5 10. Bc4 Nh5
11. Nd2 f5 12. f4 exf4 13. gxf4 Bxb2 14. Rb1 Qh4+ 15. Ke2 Nxf4+ 16. Kf3 Qg4+
0-1

[Event "Snorlax # 20"]
[Site "SchemingMind.com"]
[Date "2009.02.21"]
[Round "-"]
[White "lame wolf"]
[Black "crespov"]
[Result "0-1"]
[WhiteCountry "INT"]
[BlackCountry "CHI"]
[WhiteElo "1061"]
[WhiteRD "48"]
[BlackElo "1706"]
[BlackRD "83"]
[GameID "193447"]

1. c4 e5 2. d4 exd4 3. Qxd4 Nc6 4. Qd1 Nf6 5. e3 Bc5 6. Nf3 d5 7. Bd2 O-O 8. Bd3 Re8 9. Nc3 d4 10. Nd5 dxe3
11. Bxe3 Bxe3 12. Nxe3 Bg4 13. Be2 Qxd1+ 14. Nxd1 Bxf3 15. gxf3 Nd4 16. f4 Nxe2 17. Ne3 Nd4 18. Rd1 c5 19. b3 Rad8 20. Kf1 Nh5
21. Nd5 h6 22. Rg1 Nf3 23. Rg2 Nxf4 24. Rg4 Nxh2+ 25. Kg1 Nxg4 26. f3 Nxd5 27. fxg4 Nf6
0-1

[Event "Snorlax # 20"]
[Site "SchemingMind.com"]
[Date "2009.02.21"]
[Round "-"]
[White "fourluxflakes"]
[Black "lame wolf"]
[Result "1-0"]
[WhiteCountry "ENG"]
[BlackCountry "INT"]
[WhiteElo "1913"]
[WhiteRD "72"]
[BlackElo "1061"]
[BlackRD "48"]
[GameID "193448"]

1. b3 b5 2. Bb2 c6 3. e3 Bb7 4. Nf3 e6 5. Be2 a6 6. O-O Ne7 7. d3 Qc7 8. c4 b4 9. d4 a5 10. Nbd2 d5
11. Rc1 Nf5 12. cxd5 exd5 13. Ne5 Bd6 14. Ndf3 Bxe5 15. Nxe5 O-O 16. Qc2 Ne7 17. Bd3 Nd7 18. Bxh7+ Kh8 19. Bd3 Nxe5 20. dxe5 f6
21. exf6 gxf6 22. Qe2 Qc8 23. Qh5+ Kg7 24. Qh7#
1-0

[Event "Snorlax # 20"]
[Site "SchemingMind.com"]
[Date "2009.02.21"]
[Round "-"]
[White "crespov"]
[Black "lame wolf"]
[Result "1-0"]
[WhiteCountry "CHI"]
[BlackCountry "INT"]
[WhiteElo "1706"]
[WhiteRD "83"]
[BlackElo "1061"]
[BlackRD "48"]
[GameID "193449"]

1. e4 g5 2. d4 h6 3. Nc3 Bg7 4. Bc4 d6 5. Qh5 e6 6. f4 Nf6 7. Qf3 g4 8. Qg3 h5 9. e5 dxe5 10. dxe5 Nfd7
11. Bd2 f5 12. Bxe6 Nc6 13. Bxf5 Nc5 14. O-O-O Bxf5 15. Be3 Qe7 16. a3 Ne4 17. Qe1 Rd8 18. Nge2 Rxd1+ 19. Qxd1 Nxc3 20. Nxc3 Qd7
21. Qe2 Ne7 22. Rd1 Nd5 23. Nxd5 Be6 24. Nf6+ Bxf6 25. Rxd7 Kxd7 26. Qb5+ Kc8 27. exf6
1-0

[Event "Snorlax # 20"]
[Site "SchemingMind.com"]
[Date "2009.02.22"]
[Round "-"]
[White "cdhardy22"]
[Black "lame wolf"]
[Result "0-1"]
[WhiteCountry "USA"]
[BlackCountry "INT"]
[WhiteElo "1155"]
[WhiteRD "77"]
[BlackElo "1107"]
[BlackRD "47"]
[GameID "193541"]

1. e4 c5 2. d4 Nf6 3. f3 d6 4. d5 e6 5. Bb5+ Bd7 6. Bxd7+ Nbxd7 7. c4 e5 8. a4 b6 9. a5 bxa5 10. Qb3 Qb8
11. Qa4 Qb4+ 12. Qxb4 axb4 13. Ra6 Be7 14. b3 Nb8 15. Bg5 O-O 16. h4 Nxa6 17. Bxf6 Bxf6 18. g4 Rfe8 19. g5 Be7 20. Nh3 g6
21. Nd2 f6 22. Ke2 fxg5 23. Rg1 Nc7 24. Nxg5 Bxg5 25. hxg5 Kg7 26. Rh1 a6 27. Nf1 a5 28. Ng3 Rh8 29. f4 a4 30. fxe5 dxe5
31. bxa4 b3 32. d6 Ne6 33. d7 b2 34. a5 Rxa5 35. Rf1 Ra1 36. Rxa1 bxa1=Q 37. Nf1 Qd4 38. Nd2 Qxd7 39. Nb3 Nd4+ 40. Nxd4 Qxd4
41. Kf1 Rf8+ 42. Kg2 Qxe4+ 43. Kh3 Rf4 44. Kh2 Rg4 45. Kh3 Rh4+ 46. Kg3 Qf4+ 47. Kg2 Rg4+ 48. Kh1 Qxg5 49. Kh2 Qh5#
0-1

[Event "Snorlax # 20"]
[Site "SchemingMind.com"]
[Date "2009.02.22"]
[Round "-"]
[White "cdhardy22"]
[Black "fourluxflakes"]
[Result "0-1"]
[WhiteCountry "USA"]
[BlackCountry "ENG"]
[WhiteElo "1155"]
[WhiteRD "77"]
[BlackElo "1922"]
[BlackRD "66"]
[GameID "193542"]

1. d4 Nf6 2. c4 g6 3. d5 Bg7 4. Qd4 O-O 5. b3 Nh5 6. g4 Bxd4 7. Nc3 Bxc3+ 8. Bd2 Bxa1 9. gxh5 c6 10. hxg6 fxg6
11. Bh6 Qa5+ 12. Bd2 Bc3 13. Bxc3 Qxc3+ 14. Kd1 Rxf2 15. Nh3 Qa1+ 16. Kd2 Rxf1 17. Rxf1 Qxf1 18. Ng5 Qf4+ 19. e3 Qxg5 20. h4 Qxh4
21. dxc6 dxc6 22. a4 Bg4 23. Kd3 Na6 24. Ke4 Bf5+ 25. Ke5 Qe4#
0-1

[Event "Snorlax # 20"]
[Site "SchemingMind.com"]
[Date "2009.02.22"]
[Round "-"]
[White "cdhardy22"]
[Black "crespov"]
[Result "0-1"]
[WhiteCountry "USA"]
[BlackCountry "CHI"]
[WhiteElo "1155"]
[WhiteRD "77"]
[BlackElo "1640"]
[BlackRD "78"]
[GameID "193543"]

1. e4 c5 2. c4 Nc6 3. d3 e5 4. Nf3 d6 5. Bg5 Be7 6. h4 h6 7. Bxe7 Ngxe7 8. a4 O-O 9. h5 Bg4 10. Rh4 Be6
11. Nc3 f5 12. Nb5 a6 13. Nc3 Nd4 14. g4 fxg4 15. Nxd4 cxd4 16. Ne2 Nc6 17. Qb3 Na5 18. Qb4 Qxh4 19. Qxa5 Qxf2+ 20. Kd2 Qe3+
21. Ke1 g3 22. Qc7 Bg4 23. Kd1 g2 24. Bxg2 Bxe2+ 25. Kc2 Qxd3+ 26. Kc1 Rac8 27. b3 Rxc7 28. Kb2 Rf2 29. Ka3 Rxg2 30. Kb4 Qc3+
31. Ka3 Qxa1+ 32. Kb4 Bxc4 33. Ka5 Ra2 34. Kb6 Rc5 35. Ka7 Bxb3 36. Kxb7 Qc3 37. Kb6 Qb4+ 38. Kxa6 Rxa4#
0-1

[Event "Snorlax # 20"]
[Site "SchemingMind.com"]
[Date "2009.02.22"]
[Round "-"]
[White "lame wolf"]
[Black "cdhardy22"]
[Result "1-0"]
[WhiteCountry "INT"]
[BlackCountry "USA"]
[WhiteElo "1082"]
[WhiteRD "47"]
[BlackElo "1124"]
[BlackRD "80"]
[GameID "193544"]

1. Nf3 d5 2. d4 f5 3. e3 c6 4. Ne5 Nh6 5. Be2 g6 6. f4 b5 7. h3 e6 8. g4 Bd6 9. g5 Ng8 10. Nd3 h6
11. Ne5 h5 12. Nxg6 Rh7 13. Nh4 Ba6 14. Bd2 Nd7 15. Bf1 Qb8 16. c3 Nb6 17. Ng6 Rb7 18. a4 bxa4 19. Bxa6 Rg7 20. Nh4 Ne7
21. b3 Qc7 22. bxa4 Nc4 23. Bxc4 Qb6 24. Bc1 e5 25. Bb3 exf4 26. exf4 Ng8 27. Be3 O-O-O 28. Nxf5 Rf7 29. Bc2 Qb2 30. Qc1 Qxa1
31. Kd2 Rb7 32. Nxd6+ Rxd6 33. Qa3 Qxa3 34. Nxa3 a5 35. Bf5+ Kb8 36. h4 Ne7 37. Bh3 Ng6 38. Bf5 Rf7 39. Rb1+ Kc7 40. Bxg6 Rxg6
41. Kd3 Kd7 42. c4 Ke6 43. cxd5+ cxd5 44. Rb6+ Kf5 45. Rxg6 Kxg6 46. Nb5 Rb7 47. Nc3 Rb2 48. Nxd5 Rh2 49. Ne7+ Kf7 50. Nc6 Rxh4
51. Nxa5 Rh1 52. Ke4 h4 53. Nc4 h3 54. Kd5 Ra1 55. Nd6+ Kg6 56. f5+ Kh5 57. f6 Rxa4 58. Bg1 Kxg5 59. f7 Ra8 60. Ke6 Kg4
61. Ke7 Rh8 62. Ne8 Kg3 63. Nf6 Kg2 64. Ng8 Kxg1 65. f8=Q h2 66. Qg7+ Kf1 67. Qxh8 Kg2 68. d5 h1=Q 69. Qxh1+ Kxh1 70. d6 Kg1
71. d7
1-0

[Event "Snorlax # 20"]
[Site "SchemingMind.com"]
[Date "2009.02.22"]
[Round "-"]
[White "fourluxflakes"]
[Black "cdhardy22"]
[Result "1-0"]
[WhiteCountry "ENG"]
[BlackCountry "USA"]
[WhiteElo "1913"]
[WhiteRD "72"]
[BlackElo "1153"]
[BlackRD "73"]
[GameID "193545"]

1. b3 e5 2. Bb2 f6 3. c4 Bc5 4. e3 Ne7 5. a3 Nf5 6. g4 Nh6 7. d4 Be7 8. dxe5 f5 9. h3 f4 10. exf4 c5
11. Nc3 Na6 12. Bg2 Bh4 13. Nf3 b5 14. Nxh4 b4 15. Nb5 Qxh4 16. Nd6+ Kd8 17. Bxa8 Rf8 18. Qd2 g6 19. O-O-O Nc7 20. Nb7+ Bxb7
21. Qxd7#
1-0

[Event "Snorlax # 20"]
[Site "SchemingMind.com"]
[Date "2009.02.22"]
[Round "-"]
[White "crespov"]
[Black "cdhardy22"]
[Result "1-0"]
[WhiteCountry "CHI"]
[BlackCountry "USA"]
[WhiteElo "1640"]
[WhiteRD "78"]
[BlackElo "1155"]
[BlackRD "77"]
[GameID "193546"]

1. c4 e5 2. Nc3 c5 3. d3 Qa5 4. Bd2 d6 5. e4 h5 6. Nf3 h4 7. Nd5 Qd8 8. b4 g5 9. Bxg5 f6 10. Bxh4 Nh6
11. Bxf6 Be7 12. Bxh8 Nf7 13. Bg7 Bg4 14. Be2 cxb4 15. O-O Qd7 16. Nf6+ Bxf6 17. Bxf6 a5 18. Ng5 Nxg5 19. Bxg5 a4 20. Bxg4 Qg7
21. Bh5+ Kd7 22. Bg4+ Kc6 23. Be3 Na6 24. f4 b3 25. axb3 Nb4 26. fxe5 Nc2 27. Qxc2 Qxg4 28. Rxa4 Rg8 29. g3 Qh3 30. Bf4 Rh8
31. b4 Rf8 32. b5+ Kb6 33. Be3+ Kc7 34. Rxf8 Qh6 35. Bxh6 Kd7 36. Qf2 Ke6 37. Qf6+ Kd7 38. Rf7+ Kc8 39. Ra8#
1-0

[Event "Snorlax # 20"]
[Site "SchemingMind.com"]
[Date "2009.02.23"]
[Round "-"]
[White "GMCasefoncz"]
[Black "lame wolf"]
[Result "1-0"]
[WhiteCountry "NCA"]
[BlackCountry "INT"]
[WhiteElo "2046"]
[WhiteRD "106"]
[BlackElo "1107"]
[BlackRD "47"]
[GameID "193672"]

1. e4 c5 2. Nf3 d5 3. exd5 Qxd5 4. Nc3 Qd8 5. Bb5+ Bd7 6. Qe2 Bxb5 7. Qxb5+ Qd7 8. Qxc5 Nc6 9. O-O e6 10. Qc4 Be7
11. d4 Nf6 12. Bg5 O-O 13. Rad1 a6 14. Bxf6 Bxf6 15. d5 Ne5 16. Nxe5 Qc8 17. Qf4 Re8 18. d6 Bxe5 19. Qxe5 Qd7 20. Ne4 Rac8
21. Qg5 Rxc2 22. Nf6+
1-0

[Event "Snorlax # 20"]
[Site "SchemingMind.com"]
[Date "2009.02.28"]
[Round "-"]
[White "GMCasefoncz"]
[Black "fourluxflakes"]
[Result "1-0"]
[WhiteCountry "NCA"]
[BlackCountry "ENG"]
[WhiteElo "2089"]
[WhiteRD "93"]
[BlackElo "1915"]
[BlackRD "67"]
[GameID "193673"]

1. e4 Nf6 2. e5 Nd5 3. d4 d6 4. Nf3 Bg4 5. Be2 c6 6. c4 Nb6 7. Nbd2 N8d7 8. Ng5 Bf5 9. g4 Bg6 10. e6 fxe6
11. Nxe6 Qc8 12. f4 Bf7 13. f5 g6 14. a4 a5 15. Nf3 Bxe6 16. fxe6 Nf6 17. Qb3 Qc7 18. g5 Nh5 19. d5 Bg7 20. Be3 Nc8
21. O-O O-O 22. Nh4 b5 23. Rxf8+ Bxf8 24. Nxg6 hxg6 25. Qd3 Ng7 26. Qxg6 bxc4 27. Qf7+
1-0

[Event "Snorlax # 20"]
[Site "SchemingMind.com"]
[Date "2009.02.23"]
[Round "-"]
[White "GMCasefoncz"]
[Black "crespov"]
[Result "1-0"]
[WhiteCountry "NCA"]
[BlackCountry "CHI"]
[WhiteElo "2046"]
[WhiteRD "106"]
[BlackElo "1640"]
[BlackRD "78"]
[GameID "193674"]

1. e4 e5 2. Nf3 Nc6 3. Bb5 d6 4. d4 exd4 5. Nxd4 Bd7 6. O-O Nf6 7. Nc3 Be7 8. b3 O-O 9. Bb2 a6 10. Bc4 Ne5
11. Be2 c5 12. Nf5 Bc6 13. f4 Ng6 14. Qd3 Re8 15. Nd5 Nxd5 16. exd5 Bb5 17. c4 Bd7 18. Nxg7 Rf8 19. Qc3 f6 20. Ne6 Bxe6
21. dxe6 d5 22. cxd5 Qxd5 23. Rad1 Qc6 24. f5 Ne5 25. Qg3+ Kh8 26. Bxe5 fxe5 27. Rd7 Rg8 28. Qxe5+ Rg7 29. Bf3 Qb6 30. Rxe7 c4+
31. Kh1 Rg8 32. f6
1-0

[Event "Snorlax # 20"]
[Site "SchemingMind.com"]
[Date "2009.02.23"]
[Round "-"]
[White "GMCasefoncz"]
[Black "cdhardy22"]
[Result "1-0"]
[WhiteCountry "NCA"]
[BlackCountry "USA"]
[WhiteElo "2046"]
[WhiteRD "106"]
[BlackElo "1155"]
[BlackRD "77"]
[GameID "193675"]

1. e4 e5 2. Nf3 f6 3. Bc4 d5 4. exd5 c6 5. dxc6 Nxc6 6. O-O f5 7. d3 f4 8. Re1 Bc5 9. Nxe5 Qd4 10. Nxc6+ Be6
11. Nxd4 f3 12. Nxe6 Ne7 13. Nc7+ Kd8 14. Nxa8 Kd7 15. Bb5+ Kd6 16. Bf4+ Kd5 17. Nc7+ Kd4 18. c3#
1-0

[Event "Snorlax # 20"]
[Site "SchemingMind.com"]
[Date "2009.02.23"]
[Round "-"]
[White "lame wolf"]
[Black "GMCasefoncz"]
[Result "0-1"]
[WhiteCountry "INT"]
[BlackCountry "NCA"]
[WhiteElo "1107"]
[WhiteRD "47"]
[BlackElo "2046"]
[BlackRD "106"]
[GameID "193676"]

1. g4 e6 2. d3 Nc6 3. h3 d5 4. Bg2 h5 5. g5 Bd6 6. h4 Nge7 7. e4 e5 8. exd5 Nxd5 9. Nd2 Bg4 10. f3 Ne3
11. Qe2 Nd4 12. fxg4 Nxe2 13. Kxe2 Nxg2 14. Kf3 Nf4 15. Ne4 hxg4+ 16. Kxg4 Qd7+ 17. Kf3 Nd5 18. Be3 O-O-O 19. Bxa7 b6 20. c4 Qf5+
0-1

[Event "Snorlax # 20"]
[Site "SchemingMind.com"]
[Date "2009.02.28"]
[Round "-"]
[White "fourluxflakes"]
[Black "GMCasefoncz"]
[Result "0-1"]
[WhiteCountry "ENG"]
[BlackCountry "NCA"]
[WhiteElo "1915"]
[WhiteRD "67"]
[BlackElo "2089"]
[BlackRD "93"]
[GameID "193677"]

1. b3 Nf6 2. Bb2 g6 3. c4 Bg7 4. Nc3 O-O 5. Nf3 d6 6. e3 Nc6 7. d4 e5 8. d5 Nb8 9. Be2 Na6 10. O-O Bd7
11. a3 Nc5 12. b4 Nce4 13. Nxe4 Nxe4 14. Nd2 Nf6 15. Qb3 Qe7 16. Rac1 a5 17. Bd3 axb4 18. axb4 Ba4 19. Qc3 Nh5 20. e4 Bh6
21. Nf3 Bxc1 22. Bxc1 Bd7 23. Qd2 Nf4 24. g3 Nxd3 25. Qxd3 Ra2 26. Qe3 Rfa8 27. Qh6 R8a4 28. Bd2 Rc2 29. h4 Ra3 30. Kg2 Qf6
0-1

[Event "Snorlax # 20"]
[Site "SchemingMind.com"]
[Date "2009.02.23"]
[Round "-"]
[White "crespov"]
[Black "GMCasefoncz"]
[Result "0-1"]
[WhiteCountry "CHI"]
[BlackCountry "NCA"]
[WhiteElo "1640"]
[WhiteRD "78"]
[BlackElo "2046"]
[BlackRD "106"]
[GameID "193678"]

1. c4 c5 2. Nc3 Nf6 3. d3 Nc6 4. e4 e6 5. g3 d5 6. cxd5 exd5 7. Bg2 dxe4 8. dxe4 Qxd1+ 9. Nxd1 Nd4 10. Rb1 Be6
11. b3 c4 12. Nf3 Bb4+ 13. Bd2 Nc2+ 14. Ke2 cxb3 15. Bxb4 Bc4+ 16. Kd2 Nxe4+ 17. Kc1 bxa2 18. Kxc2 Bd3+
0-1

[Event "Snorlax # 20"]
[Site "SchemingMind.com"]
[Date "2009.02.23"]
[Round "-"]
[White "cdhardy22"]
[Black "GMCasefoncz"]
[Result "0-1"]
[WhiteCountry "USA"]
[BlackCountry "NCA"]
[WhiteElo "1155"]
[WhiteRD "77"]
[BlackElo "2046"]
[BlackRD "106"]
[GameID "193679"]

1. e4 e6 2. d4 d5 3. Bd3 dxe4 4. Bxe4 Nf6 5. f3 Nxe4 6. fxe4 Qh4+ 7. g3 Qxe4+ 8. Ne2 Qxh1+ 9. Kd2 Qxh2 10. Qg1 Qh5
11. g4 Qh4 12. g5 Nc6 13. c4 Bb4+ 14. Nec3 Nxd4 15. b3 Nf3+ 16. Kd3 Nxg1 17. Nb5 e5 18. Nxc7+ Kd8 19. Nxa8 Bf5+ 20. Ke3 Qf4#
0-1

[Event "Snorlax # 20"]
[Site "SchemingMind.com"]
[Date "2009.02.23"]
[Round "-"]
[White "Pedro Yanes"]
[Black "lame wolf"]
[Result "1-0"]
[WhiteCountry "USA"]
[BlackCountry "INT"]
[WhiteElo "1885"]
[WhiteRD "112"]
[BlackElo "1061"]
[BlackRD "48"]
[GameID "193696"]

1. c4 c5 2. g3 Nc6 3. Bg2 b6 4. Nf3 Bb7 5. O-O d5 6. cxd5 Qxd5 7. Nc3 Qd8 8. Qa4 Qd7 9. Ne5 Nxe5 10. Qxd7+ Nxd7
11. Bxb7 Rb8 12. Bc6 e6 13. Bxd7+ Kxd7 14. d4 Bd6 15. dxc5 bxc5 16. Rd1 Nf6 17. Bf4 Nd5 18. Bxd6 Kxd6 19. e4 Rxb2 20. exd5 exd5
21. Nxd5 Rhb8 22. Kg2 f5 23. Rac1 Rxa2 24. Nb4+
1-0

[Event "Snorlax # 20"]
[Site "SchemingMind.com"]
[Date "2009.02.28"]
[Round "-"]
[White "Pedro Yanes"]
[Black "fourluxflakes"]
[Result "1-0"]
[WhiteCountry "USA"]
[BlackCountry "ENG"]
[WhiteElo "2034"]
[WhiteRD "90"]
[BlackElo "1922"]
[BlackRD "66"]
[GameID "193697"]

1. c4 Nf6 2. Nc3 g6 3. g3 Bg7 4. Bg2 O-O 5. d4 d6 6. Nf3 c6 7. O-O Nbd7 8. e4 e5 9. d5 Nc5 10. Re1 a5
11. Qc2 cxd5 12. cxd5 Bd7 13. Bg5 Qc8 14. Rac1 b5 15. Qe2 b4 16. Bxf6 Bxf6 17. Nb1 Qb7 18. Nbd2 Bg7 19. Qe3 f5 20. exf5 gxf5
21. Rxc5 dxc5 22. Nxe5 Bxe5 23. Qg5+ Bg7 24. Re7 Rf7 25. d6 Qc8 26. Bd5 Be8 27. d7
1-0

[Event "Snorlax # 20"]
[Site "SchemingMind.com"]
[Date "2009.02.24"]
[Round "-"]
[White "Pedro Yanes"]
[Black "crespov"]
[Result "1-0"]
[WhiteCountry "USA"]
[BlackCountry "CHI"]
[WhiteElo "2034"]
[WhiteRD "90"]
[BlackElo "1640"]
[BlackRD "78"]
[GameID "193698"]

1. c4 e5 2. Nc3 Bc5 3. g3 f5 4. Na4 Bb6 5. Nxb6 axb6 6. e3 Nf6 7. Bg2 Nc6 8. Ne2 d6 9. O-O O-O 10. d4 e4
11. a3 Bd7 12. Bd2 Rb8 13. Bc3 Ne7 14. Nf4 c6 15. d5 cxd5 16. cxd5 Qe8 17. Rc1 Ng6 18. Nxg6 Qxg6 19. Bxf6 Qxf6 20. Qb3 Qd8
21. Rc3 Ra8 22. Qb4 Be8 23. f3 Ra4 24. Qb3 h6 25. fxe4 fxe4 26. Rxf8+ Kxf8 27. Bh3 Ra8 28. Be6 Bf7 29. Rc2 Kg8 30. Rf2 Bxe6
31. dxe6 d5 32. Rf5 Ra5 33. Rf7 Rc5 34. e7 Rc1+ 35. Kg2
1-0

[Event "Snorlax # 20"]
[Site "SchemingMind.com"]
[Date "2009.02.23"]
[Round "-"]
[White "Pedro Yanes"]
[Black "cdhardy22"]
[Result "1-0"]
[WhiteCountry "USA"]
[BlackCountry "USA"]
[WhiteElo "2034"]
[WhiteRD "90"]
[BlackElo "1155"]
[BlackRD "77"]
[GameID "193699"]

1. d4 d5 2. g3 g5 3. Bxg5 f6 4. Bd2 e5 5. dxe5 fxe5 6. e4 h5 7. exd5 Qxd5 8. f3 e4 9. Nc3 Qc6 10. Bb5 Bg4
11. Bxc6+ bxc6 12. fxg4 hxg4 13. Qxg4 Nf6 14. Qe6+ Be7 15. Bg5 Nbd7 16. Nxe4 Rf8 17. O-O-O O-O-O 18. Qxe7 Nxe4 19. Qxe4 Rde8 20. Qxc6 Re5
21. Qxd7+ Kb7 22. Bf4 Rc5 23. Bd6 Rc6 24. Bxf8 a5 25. Nf3 a4 26. Rd4 a3 27. Rb4+ Ka6 28. Qd3+ Ka5 29. Qb5#
1-0

[Event "Snorlax # 20"]
[Site "SchemingMind.com"]
[Date "2009.02.23"]
[Round "-"]
[White "Pedro Yanes"]
[Black "GMCasefoncz"]
[Result "0-1"]
[WhiteCountry "USA"]
[BlackCountry "NCA"]
[WhiteElo "2059"]
[WhiteRD "84"]
[BlackElo "2125"]
[BlackRD "92"]
[GameID "193700"]

1. c4 e5 2. Nc3 Nc6 3. Nf3 Nf6 4. e4 Bc5 5. Be2 O-O 6. O-O d6 7. Na4 Nxe4 8. d3 Nf6 9. Nxe5 Nxe5 10. d4 Bxd4
11. Qxd4 Re8 12. Nc3 Bg4 13. f3 Bf5 14. Be3 h6 15. Bf2 Qd7 16. Rfe1 Re6 17. Rad1 b6 18. Nd5 Rae8 19. Qd2 c5 20. Nc3 Nc6
21. a3 a6 22. Nd5 Qd8 23. Bh4 g5 24. Bf2 Nd4 25. Bxd4 cxd4 26. Kf1 Nxd5 27. cxd5 Re3 28. Qxd4 b5 29. h3 Qe7 30. Qd2 Qe5
31. Kf2 Bxh3 32. Bxb5 Rxe1 33. Rxe1 Qxe1+ 34. Qxe1 Rxe1 35. Kxe1 Bxg2 36. Be2 a5 37. b4 axb4 38. axb4 Kf8 39. Kf2 Bh3 40. b5 Ke7
41. b6 Kd7 42. Ba6 f6 43. Ke2 f5 44. Ke3 h5 45. Bb5+ Kc8 46. Bc6 f4+ 47. Ke2 Bf5 48. Ke1 g4 49. Be8 g3 50. Bxh5 Bd3
51. Bg4+ Kb7 52. Bh3 Kxb6 53. Kd2 Bf5 54. Bf1 Kc5
0-1

[Event "Snorlax # 20"]
[Site "SchemingMind.com"]
[Date "2009.02.23"]
[Round "-"]
[White "lame wolf"]
[Black "Pedro Yanes"]
[Result "0-1"]
[WhiteCountry "INT"]
[BlackCountry "USA"]
[WhiteElo "1061"]
[WhiteRD "48"]
[BlackElo "1885"]
[BlackRD "112"]
[GameID "193701"]

1. Nf3 g6 2. c3 Bg7 3. d4 Nf6 4. Nbd2 O-O 5. e3 Nc6 6. c4 e6 7. e4 d6 8. e5 dxe5 9. Nxe5 Qxd4 10. Nd3 b6
11. Qf3 Bb7 12. Be2 Rab8 13. Qe3 Qxe3 14. fxe3 Ne7 15. Bf3 Bxf3 16. Nxf3 Rbd8 17. Ke2 Ne4 18. b3 Bxa1 19. Bb2 Bxb2 20. b4 Bc3
21. c5 bxc5 22. bxc5 Rd5 23. Nd4 Bxd4 24. exd4 Rxd4
0-1

[Event "Snorlax # 20"]
[Site "SchemingMind.com"]
[Date "2009.02.28"]
[Round "-"]
[White "fourluxflakes"]
[Black "Pedro Yanes"]
[Result "1/2-1/2"]
[WhiteCountry "ENG"]
[BlackCountry "USA"]
[WhiteElo "1915"]
[WhiteRD "67"]
[BlackElo "2057"]
[BlackRD "83"]
[GameID "193702"]

1. b3 d5 2. Bb2 Nf6 3. e3 c5 4. f4 Nc6 5. Nf3 Bg4 6. h3 Bh5 7. g4 Bg6 8. f5 Qd6 9. Qe2 Ne4 10. Qh2 Ng3
11. Rg1 Nxf5 12. gxf5 Qxh2 13. Nxh2 Bxf5 14. Na3 f6 15. O-O-O Kf7 16. Bg2 Rd8 17. Nb5 e6 18. d3 a6 19. Nc3 d4 20. exd4 cxd4
21. Ne2 e5 22. Bxc6 bxc6 23. h4 Rd5 24. Rdf1 g6 25. Ng3 Bh6+ 26. Kb1 Be3 27. Rh1 Bh3 28. Rd1 f5 29. Nhf1 Bxf1 30. Rdxf1 Ke6
31. Bc1 Bxc1 32. Kxc1 Rd7 33. h5 Rhd8 34. hxg6 hxg6 35. Rh6 Kf6 36. Rfh1 Kg5 37. Kd2 Re8 38. Rh8 Rde7 39. Rxe8 Rxe8 40. Rh7 Re6
41. Ra7 Kg4 42. Nf1 c5 43. Rh7 e4 44. dxe4 Rxe4 45. Rh6 Re6 46. Kd3 Kf3 47. Kc4 Kg2 48. Nd2 Re2 49. Kd3 Re3+ 50. Kc4 Rc3+
51. Kd5 d3 52. Rxg6+ Kh3 53. cxd3 Rxd3+ 54. Kxc5 Rxd2 55. Rxa6 f4 56. a4 f3 57. Rf6 f2 58. b4=
1/2-1/2

[Event "Snorlax # 20"]
[Site "SchemingMind.com"]
[Date "2009.02.24"]
[Round "-"]
[White "crespov"]
[Black "Pedro Yanes"]
[Result "0-1"]
[WhiteCountry "CHI"]
[BlackCountry "USA"]
[WhiteElo "1640"]
[WhiteRD "78"]
[BlackElo "2034"]
[BlackRD "90"]
[GameID "193703"]

1. c4 g6 2. Nc3 Bg7 3. g3 Nf6 4. Bg2 Nc6 5. d3 O-O 6. e4 d6 7. Nge2 Bg4 8. O-O Qd7 9. Rb1 Bh3 10. a3 Ne5
11. Nf4 Bxg2 12. Kxg2 g5 13. Nfd5 Nxd5 14. cxd5 g4 15. Bf4 Nf3 16. Qc1 e5 17. Be3 f5 18. Rh1 c5 19. Bh6 f4 20. Bxg7 Qxg7
21. Nb5 a6 22. Nxd6 Qh6 23. Nf5 Qh3#
0-1

[Event "Snorlax # 20"]
[Site "SchemingMind.com"]
[Date "2009.02.23"]
[Round "-"]
[White "cdhardy22"]
[Black "Pedro Yanes"]
[Result "0-1"]
[WhiteCountry "USA"]
[BlackCountry "USA"]
[WhiteElo "1155"]
[WhiteRD "77"]
[BlackElo "2034"]
[BlackRD "90"]
[GameID "193704"]

1. e4 e6 2. d4 d5 3. exd5 exd5 4. c3 Nf6 5. f3 Be7 6. g4 O-O 7. Ne2 Ne8 8. Nf4 Bh4+ 9. Kd2 Bg5 10. Kc2 f5
11. b3 Bxf4 12. Ba3 Bd6 13. Bxd6 Nxd6 14. Bd3 fxg4 15. fxg4 Rf2+ 16. Nd2 Qg5 17. h4 Qf4 18. h5 Bxg4 19. Qc1 Ne4 20. h6 Bf5
21. hxg7 Rxd2+ 22. Kb1 Nxc3+ 23. Qxc3 Bxd3+ 24. Kc1 Rc2+ 25. Kb1 Rxc3+ 26. Kb2 Rc2+ 27. Ka3 Qd6+ 28. b4 Qa6+ 29. Kb3 Qc4+ 30. Ka4 Rb2
31. Rac1 Qxb4#
0-1